Torino Biggest Transfers - Statistics

General Stats
  • This quiz has been taken 46 times
  • The average score is 67 of 174
Answer Stats
% Correct
Incomings Brazil CB Gleison Bremer 18/19 Atletico Mineiro
93%
Outgoings Brazil CB Gleison Bremer 22/23 Juventus
93%
Incomings Croatia AM Nikola Vlasic 23/24 West Ham United
85%
Incomings Italy ST Ciro Immobile 13/14 Juventus
83%
Outgoings Italy ST Ciro Immobile 14/15 Borussia Dortmund
83%
Incomings Italy ST Andrea Belotti 15/16 Palermo
78%
Incomings Netherlands CB Perr Schuurs 22/23 Ajax
78%
Incomings Italy RB Matteo Darmian 12/13 Palermo
76%
Outgoings Italy RB Matteo Darmian 15/16 Manchester United
76%
Incomings Italy ST Simone Zaza 19/20 Valencia
76%
Incomings Italy ST Simone Zaza 18/19 Valencia
76%
Incomings Paraguay ST Antonio Sanabria 20/21 Real Betis
73%
Incomings Italy RM Davide Zappacosta 15/16 Atalanta
73%
Outgoings Italy RM Davide Zappacosta 17/18 Chelsea
73%
Incomings Senegal ST M'Baye Niang 18/19 Milan
73%
Incomings Senegal ST M'Baye Niang 17/18 Milan
73%
Outgoings Senegal ST M'Baye Niang 19/20 Rennes
73%
Incomings Venezuela DM Tomas Rincon 18/19 Juventus
73%
Incomings Venezuela DM Tomas Rincon 17/18 Juventus
73%
Incomings Italy AM Simone Verdi 11/12 Milan
71%
Outgoings Italy CB Angelo Ogbonna 13/14 Juventus
68%
Incomings Serbia CM Ivan Ilic 23/24 Hellas Verona
68%
Incomings Serbia CM Sasa Lukic 16/17 Partian Belgrade
68%
Outgoings Serbia CM Sasa Lukic 22/23 Fulham
68%
Incomings Italy RW Alessio Cerci 12/13 Fiorentina
66%
Outgoings Italy RW Alessio Cerci 14/15 Atletico Madrid
66%
Incomings Nigeria RB Ola Aina 19/20 Chelsea
66%
Outgoings Nigeria RB Ola Aina 20/21 Fulham
66%
Incomings Poland CB Kamil Glik 11/12 Palermo
63%
Outgoings Poland CB Kamil Glik 16/17 Monaco
63%
Incomings Poland CM Karol Linetty 20/21 Sampdoria
63%
Incomings Italy DM Samuele Ricci 22/23 Empoli
63%
Incomings Italy DM Samuele Ricci 21/22 Empoli
63%
Incomings Spain LW Alex Berenguer 17/18 Osasuna
61%
Outgoings Spain LW Alex Berenguer 20/21 Athletic Bilbao
61%
Incomings Italy CB Armando Izzo 18/19 Genoa
61%
Outgoings Italy CB Armando Izzo 23/24 Monza
61%
Incomings Brazil RB Bruno Peres 14/15 Santos
61%
Outgoings Brazil RB Bruno Peres 17/18 Roma
61%
Outgoings Brazil RB Bruno Peres 16/17 Roma
61%
Incomings Kosovo LM Mergim Vojvoda 20/21 Standard Liege
61%
Incomings Italy ST Pietro Pellegri 22/23 Monaco
61%
Incomings Italy ST Rolando Bianchi 08/09 Manchester City
61%
Outgoings Ivory Coast CB Wilfried Singo 23/24 Monaco
61%
Incomings Serbia AM Adem Ljajic 16/17 Roma
59%
Outgoings Serbia AM Adem Ljajic 19/20 Besiktas
59%
Outgoings Serbia AM Adem Ljajic 18/19 Besiktas
59%
Incomings Italy ST Fabio Quagliarella 14/15 Juventus
59%
Outgoings Italy ST Fabio Quagliarella 16/17 Sampdoria
59%
Incomings Spain RW Iago Falque 16/17 Roma
59%
Incomings Austria RM Valentino Lazaro 23/24 Inter Milan
59%
Incomings Serbia GK Vanja Milinkovic-Savic 17/18 Lechia Gdansk
59%
Incomings Italy RM Raoul Bellanova 23/24 Cagliari
56%
Incomings Switzerland CB Ricardo Rodriguez 20/21 Milan
56%
Incomings Belgium CM Dennis Praet 21/22 Leicester City
54%
Incomings Greece CB Guillermo Rodriguez 12/13 Cesena
54%
Incomings Serbia CB Nikola Maksimovic 14/15 Apollon Limassol
54%
Outgoings Serbia CB Nikola Maksimovic 17/18 Napoli
54%
Outgoings Serbia CB Nikola Maksimovic 16/17 Napoli
54%
Incomings Venezuela ST Josef Martinez 14/15 Young Boys
51%
Outgoings Venezuela ST Josef Martinez 16/17 Atlanta United
51%
Incomings Brazil CB Lyanco 17/18 Sao Paulo
51%
Outgoings Brazil CB Lyanco 21/22 Southampton
51%
Incomings Cameroon CB Nicolas N'Koulou 18/19 Lyon
51%
Incomings France CM Soualiho Meite 18/19 Monaco
51%
Outgoings France CM Soualiho Meite 21/22 Benfica
51%
Incomings Cameroon DM Adrien Tameze 23/24 Hellas Verona
49%
Incomings Senegal RW Demba Seck 21/22 SPAL
49%
Incomings Argentina LB Cristian Ansaldi 19/20 Inter Milan
46%
Incomings Argentina LB Cristian Ansaldi 17/18 Inter Milan
46%
Incomings Czech Republic CB David Zima 21/22 Slavia Prague
46%
Incomings Turkey CM Emirhan Ilkhan 22/23 Besiktas
46%
Incomings Nigeria CM Joel Obi 15/16 Inter Milan
46%
Outgoings Nigeria CM Joel Obi 18/19 Chievo Verona
46%
Incomings Italy CM Marco Benassi 14/15 Inter Milan
46%
Outgoings Italy CM Marco Benassi 17/18 Fiorentina
46%
Incomings Italy CM Daniele Baselli 15/16 Atalanta
44%
Incomings Croatia LW Josip Brekalo 21/22 Wolfsburg
44%
Incomings Serbia LW Nemanja Radonjic 23/24 Marseille
44%
Outgoings Italy CB Kevin Bonifazi 20/21 SPAL
41%
Incomings Ivory Coast CB Koffi Djidji 19/20 Nantes
41%
Incomings Italy RB Lorenzo De Silvestri 16/17 Sampdoria
41%
Incomings Italy AM Roberto Soriano 18/19 Villarreal
41%
Incomings Georgia CB Saba Sazonov 23/24 Dynamo Moscow
41%
Outgoings Italy CB Danilo D'Ambrosio 13/14 Inter Milan
37%
Incomings Ghana CM Afriyie Acquah 15/16 Hoffenheim
34%
Outgoings Ghana CM Afriyie Acquah 18/19 Empoli
34%
Incomings Italy RW Alessandro Rosina 05/06 Parma
34%
Outgoings Italy RW Alessandro Rosina 09/10 Zenit
34%
Outgoings Senegal GK Alfred Gomis 18/19 SPAL
34%
Incomings Ivory Coast LW Yann Karamoh 22/23 Parma
34%
Outgoings Italy LB Antonio Barreca 18/19 Monaco
32%
Incomings Belgium GK Jean-Francois Gillet 12/13 Bologna
32%
Incomings Italy DM Mirko Valdifiori 16/17 Napoli
32%
Outgoings Italy DM Mirko Valdifiori 18/19 SPAL
32%
Outgoings Sweden CB Pontus Jansson 17/18 Leeds United
32%
Incomings Bosnia AM Amer Gojak 20/21 Dinamo Zagreb
29%
Outgoings Italy RW Gianluigi Lentini 92/93 Milan
29%
Outgoings Argentina ST Lucas Boye 21/22 Elche
29%
Incomings Italy DM Rolando Mandragora 20/21 Juventus
29%
Incomings Uruguay GK Salvador Ichazo 15/16 Danubio
29%
Incomings Sweden CM Alexander Farnerud 13/14 Young Boys
27%
Incomings Switzerland CM Blerim Dzemaili 09/10 Bolton Wanderers
27%
Outgoings Switzerland CM Blerim Dzemaili 10/11 Parma
27%
Outgoings Switzerland CM Blerim Dzemaili 09/10 Parma
27%
Incomings Brazil LB Danilo Avelar 15/16 Cagliari
27%
Outgoings Brazil LB Danilo Avelar 19/20 Corinthians
27%
Incomings Belgium AM Enzo Scifo 91/92 Auxerre
27%
Outgoings Italy GK Luca Marchegiani 93/94 Lazio
24%
Incomings Italy DM Alessandro Gazzi 12/13 Siena
22%
Incomings Brazil SS Barreto 12/13 Udinese
22%
Incomings Italy ST Gianluca Sansone 12/13 Sassuolo
22%
Outgoings Italy ST Gianluca Sansone 12/13 Sampdoria
22%
Incomings Italy RB Ignazio Abate 08/09 Milan
22%
Outgoings Italy RB Ignazio Abate 09/10 Milan
22%
Incomings Albania DM Migjen Basha 12/13 Atalanta
22%
Incomings Spain AM Rafa Martin Vazquez 90/91 Real Madrid
22%
Outgoings Spain AM Rafa Martin Vazquez 92/93 Marseille
22%
Outgoings Australia CM Vincenzo Grella 08/09 Blackburn Rovers
22%
Incomings Argentina LB Juan Sanchez Mino 14/15 Boca Juniors
20%
Outgoings Argentina LB Juan Sanchez Mino 16/17 Independiente
20%
Incomings Nigeria ST Osarimen Ebagua 11/12 Varese
20%
Incomings Italy AM Simone Verde 20/21 Napoli
20%
Incomings Italy ST Federico Bonazzoli 20/21 Sampdoria
17%
Incomings Uruguay CB Gaston Silva 14/15 Defensor
17%
Outgoings Uruguay CB Gaston Silva 17/18 Independiente
17%
Incomings Italy CB Luca Rossettini 16/17 Bologna
17%
Outgoings Italy CB Luca Rossettini 17/18 Genoa
17%
Incomings Chile ST Marcelo Larrondo 13/14 Siena
17%
Incomings Greece DM Panagiotis Tachtsidis 16/17 Genoa
17%
Incomings Italy ST Riccardo Meggiorini 11/12 Genoa
17%
Incomings Moldova ST Vitalie Damascan 17/18 Sheriff Tiraspol
17%
Incomings Italy ST Mirco Antenucci 10/11 Catania
15%
Outgoings Italy ST Mirco Antenucci 12/13 Catania
15%
Incomings Italy CM Simone Barone 06/07 Palermo
15%
Outgoings Italy CM Simone Barone 09/10 Cagliari
15%
Incomings Italy ST David Di Michele 07/08 Palermo
12%
Incomings Italy RB Gianluca Comotto 06/07 Roma
12%
Outgoings Italy RB Gianluca Comotto 08/09 Fiorentina
12%
Outgoings Italy LB Gianluca Pessotto 95/96 Juventus
12%
Incomings Montenegro CM Marko Bakic 12/13 Mogren Budva
12%
Outgoings Montenegro CM Marko Bakic 13/14 Fiorentina
12%
Incomings Italy ST Nicola Amoruso 08/09 Reggina
12%
Incomings Austria ST Toni Polster 87/88 Austria Vienna
12%
Incomings Brazil SS Walter Casagrande 91/92 Ascoli
12%
Incomings Italy RM Aimo Diana 07/08 Palermo
10%
Incomings Italy CB Cesare Natali 07/08 Udinese
10%
Outgoings Italy CB Cesare Natali 09/10 Fiorentina
10%
Outgoings Italy DM Dino Baggio 91/92 Juventus
10%
Outgoings Congo ST Dominique Malonga 09/10 Cesena
10%
Incomings Italy CB Francesco Pratali 08/09 Empoli
10%
Incomings Italy AM Nicola Bellomo 13/14 Bari
10%
Incomings Croatia ST Sasa Bjelanovic 07/08 Ascoli
10%
Incomings Bosnia LB Vedin Music 05/06 Modena
10%
Outgoings Bosnia LB Vedin Music 07/08 Padova
10%
Incomings Austria ST Walter Schachner 83/84 Cesena
10%
Outgoings Netherlands ST Wim Kieft 87/88 PSV
10%
Incomings Italy SS Andrea Gasbarroni 08/09 Genoa
7%
Incomings Italy ST Elvis Abbruscato 05/06 Arezzo
7%
Incomings Italy ST Elvis Abbruscato 08/09 Lecce
7%
Outgoings Italy ST Elvis Abbruscato 07/08 Lecce
7%
Incomings Italy DM Paolo Zanetti 07/08 Ascoli
7%
Incomings Italy DM Simone Vergassola 01/02 Sampdoria
7%
Incomings Italy CB Valerio Di Cesare 10/11 Vicenza
7%
Incomings Italy AM Luca Belingheri 09/10 Ascoli
5%
Incomings Italy LB Marco Pisano 08/09 Palermo
5%
Incomings Sweden CM Marcus Lantz 99/00 Helsingborgs
5%
Outgoings Sweden CM Marcus Lantz 99/00 Hansa Rostock
5%
Incomings Italy RM Riccardo Colombo 08/09 AlbinoLeffe
5%
Incomings Italy CB Riccardo Fissore 01/02 Inter Milan
5%
Incomings Italy LB Salvatore Lanna 07/08 Chievo Verona
5%
Outgoings Italy LB Salvatore Lanna 08/09 Bologna
5%
Incomings Sweden LM Yksel Osmanovski 01/02 Bari
5%
Outgoings Italy SS Benito Carbone 94/95 Napoli
2%
No matching quizzes found
Score Distribution
Percent of People with Each Score
Percentile by Number Answered
Your Score History
You have not taken this quiz